[Event "TUR Cup										"]
[Site "Antalya"]
[Date "2018.02.01"]
[Round "8"]
[White "Sayin, Serhat"]
[Black "Baykal, Muhammed"]
[Result "1/2-1/2"]
[WhiteElo "1573"]
[BlackElo "1805"]
[PlyCount "128"]
[EventDate "2018.01.27"]
[EventType "swiss"]
[EventRounds "11"]
[EventCountry "TUR"]
[SourceTitle "CBM 182 Extra"]
[Source "ChessBase"]
[SourceDate "2018.02.23"]
[SourceVersion "1"]
[SourceVersionDate "2018.02.23"]
[SourceQuality "1"]

1. d4 f5 2. Bg5 Nf6 3. Bxf6 exf6 4. e3 d5 5. Bd3 Be6 6. Qf3 Qd7 7. Ne2 g5 8. Ng3 g4 9. Qf4 Bd6 10. Qh6 Nc6 11. Qh5+ Qf7 12. Qxf7+ Kxf7 13. Nxf5 Bxf5 14. Bxf5 h5 15. Nc3 Ne7 16. Bd3 c6 17. a3 h4 18. Ke2 f5 19. h3 Rag8 20. Rag1 Bc7 21. Kd2 f4 22. hxg4 Rxg4 23. Be2 Rg7 24. Nd1 Nf5 25. c3 fxe3+ 26. Nxe3 Nxe3 27. fxe3 Ke7 28. g4 Bg3 29. Bf3 Rf8 30. Rf1 Rgf7 31. Ke2 Kd6 32. e4 dxe4 33. Bxe4 Rf2+ 34. Rxf2 Rxf2+ 35. Ke3 Ke6 36. b3 Kf6 37. Bf5 Rb2 38. Rb1 Rxb1 39. Bxb1 h3 40. Kf3 h2 41. Kg2 Kg5 42. Bf5 Bd6 43. c4 b6 44. b4 c5 45. dxc5 bxc5 46. b5 Bc7 47. a4 Kh4 48. Be6 Kg5 49. a5 Bxa5 50. Kxh2 Bc7+ 51. Kg2 Bd8 52. Kf3 Bc7 53. Ke4 Bd8 54. Bc8 Bc7 55. Kd5 Bb6 56. Kc6 Kf4 57. Kd6 Kg5 58. Ke7 Bc7 59. Be6 Ba5 60. Bf5 Bc7 61. Ke6 Bd8 62. Kd6 Bb6 63. Kc6 Kf4 64. Be6 Ke5 1/2-1/2

[Event "TUR Cup										"]
[Site "Antalya"]
[Date "2018.01.30"]
[Round "5"]
[White "Isik, Mehmet"]
[Black "Sayin, Serhat"]
[Result "0-1"]
[WhiteElo "1453"]
[BlackElo "1573"]
[PlyCount "79"]
[EventDate "2018.01.27"]
[EventType "swiss"]
[EventRounds "11"]
[EventCountry "TUR"]
[SourceTitle "CBM 182 Extra"]
[Source "ChessBase"]
[SourceDate "2018.02.23"]
[SourceVersion "1"]
[SourceVersionDate "2018.02.23"]
[SourceQuality "1"]

1. e4 e6 2. d4 d5 3. exd5 exd5 4. Nf3 Nf6 5. Bg5 Bd6 6. Nc3 c6 7. Be2 h6 8. Bh4 Be6 9. 0-0 Nbd7 10. Re1 Qc7 11. Bg3 Nh5 12. Bxd6 Qxd6 13. g3 0-0-0 14. Nd2 g6 15. a3 f5 16. Bxh5 gxh5 17. Qxh5 f4 18. Nf3 fxg3 19. hxg3 Rdg8 20. Ne5 Rg5 21. Qe2 Rhg8 22. Qe3 h5 23. Kf1 Bh3+ 24. Ke2 Nxe5 25. Qf4 Nc4 26. Qxd6 Nxd6 27. Rh1 Re8+ 28. Kd2 Nc4+ 29. Kc1 Bg2 30. Rg1 Bf3 31. b3 Nd6 32. Nd1 Bxd1 33. Rxd1 Rf5 34. Kb2 Rxf2 35. Rh1 Ree2 36. Rac1 Nf5 37. Rxh5 Nxd4 38. Kc3 Rxc2+ 39. Rxc2 Rxc2+ 40. Kxd4 0-1

[Event "TUR Cup										"]
[Site "Antalya"]
[Date "2018.01.27"]
[Round "1"]
[White "Karaokcu, Erkin"]
[Black "Sayin, Serhat"]
[Result "1-0"]
[WhiteElo "2215"]
[BlackElo "1573"]
[PlyCount "134"]
[EventDate "2018.01.27"]
[EventType "swiss"]
[EventRounds "11"]
[EventCountry "TUR"]
[SourceTitle "CBM 182 Extra"]
[Source "ChessBase"]
[SourceDate "2018.02.23"]
[SourceVersion "1"]
[SourceVersionDate "2018.02.23"]
[SourceQuality "1"]

1. d4 d5 2. Bg5 h6 3. Bh4 c6 4. e3 Bf5 5. Bd3 Bxd3 6. Qxd3 Qb6 7. Nd2 Nd7 8. Ngf3 e6 9. 0-0 Be7 10. Bg3 Ngf6 11. c4 a5 12. h3 Qa6 13. Rac1 0-0 14. Rfd1 a4 15. e4 Nb6 16. b3 Rfd8 17. Qe3 dxe4 18. Nxe4 Nxe4 19. Qxe4 Bf6 20. Rd3 Rac8 21. Rcd1 Qa5 22. Ne5 Qb4 23. Ng4 Nd7 24. Nxf6+ Nxf6 25. Qe2 Rd7 26. Bh4 Ne8 27. Qe5 axb3 28. axb3 Qd6 29. Qh5 f5 30. Qg6 f4 31. f3 Rf7 32. Re1 Nf6 33. Re5 c5 34. Bxf6 Rxf6 35. Qe4 cxd4 36. Qxd4 Qxd4+ 37. Rxd4 Rc7 38. b4 Kf7 39. c5 Ke7 40. Rd6 Rc6 41. Rd2 b6 42. Ra2 bxc5 43. bxc5 Rf8 44. Ra5 Rfc8 45. Re4 g5 46. Rc4 e5 47. Kf2 Ke6 48. Ke2 Kd5 49. Kd3 Rxc5 50. Rcxc5+ Rxc5 51. Rxc5+ Kxc5 52. Ke4 Kd6 53. Kf5 Kd5 54. Kg6 Kd4 55. Kxh6 Ke3 56. Kxg5 Kf2 57. h4 Kxg2 58. h5 Kxf3 59. h6 Kg2 60. h7 f3 61. h8Q f2 62. Qa8+ Kh2 63. Qf3 Kg1 64. Qg3+ Kf1 65. Kg4 e4 66. Kf4 Ke2 67. Qe3+ Kf1 1-0